| 000 | 00620nam a2200121Ia 4500 | ||
|---|---|---|---|
| 008 | 220615s9999||||xx |||||||||||||| ||und|| | ||
| 245 | 0 | _aInternational Experience in Developing the Financial Resources of Universities | |
| 546 | _aEnglish[eng] | ||
| 650 | _aHigher Education Funding||University Endownment||University Budget||Financial Resources for Education and Research||COVID-19 Economic Impact on Education||Open Access | ||
| 700 | _aAI-Youbi, Abdulrahman Obaid||Zahed, Adnan Hamza Mohammad||Atalar, Abdullah | ||
| 856 | _uhttps://library.oapen.org/bitstream/20.500.12657/50957/1/978-3-030-78893-3.pdf | ||
| 942 | _cEB | ||
| 999 |
_c15053 _d15053 |
||